000 00255nam a2200109Ia 4500
005 20251222143159.0
008 251222s9999||||xx |||||||||||||| ||spa||
082 _a925/W19
100 _a"Waltz, George H."
245 0 _aGenios contemporáneos
942 _cLIB
999 _c12995
_d12995